La educación basica y media en la Costa Caribe / (Registro nro. 29966)

Detalles MARC
000 -LEADER
fixed length control field 00778nam a2200205Ia 4500
003 - CONTROL NUMBER IDENTIFIER
control field CO-CtgCURN
005 - DATE AND TIME OF LATEST TRANSACTION
control field 20250409210216.0
008 - FIXED-LENGTH DATA ELEMENTS--GENERAL INFORMATION
fixed length control field 190724s9999 xx 000 0 und d
040 ## - CATALOGING SOURCE
Original cataloging agency CO-CtgCURN
Language of cataloging spa
Transcribing agency coctgcurn
082 ## - DEWEY DECIMAL CLASSIFICATION NUMBER
Classification number 370.986
Item number B142e
100 ## - MAIN ENTRY--PERSONAL NAME
Personal name Baez Ramirez, Javier Eduardo
245 #0 - TITLE STATEMENT
Title La educación basica y media en la Costa Caribe /
Statement of responsibility, etc. Javier Eduardo Baez Ramire, Gustavo Duncan Cruz
260 ## - PUBLICATION, DISTRIBUTION, ETC.
Place of publication, distribution, etc. Cartagena de Indias, Bolívar :
Name of publisher, distributor, etc. Universidad Jorge Tadeo Lozano,
Date of publication, distribution, etc. 1998
300 ## - PHYSICAL DESCRIPTION
Extent 111 páginas ;
Dimensions 24 centímetros
521 ## - TARGET AUDIENCE NOTE
Target audience note AREA SOCIOHUMANISTICA
590 ## - LOCAL NOTE (RLIN)
Local note Todos los programas académicos
650 ## - SUBJECT ADDED ENTRY--TOPICAL TERM
Topical term or geographic name entry element educación
Geographic subdivision Colombia
942 ## - ADDED ENTRY ELEMENTS (KOHA)
Koha item type Libros
Classification part 370.986
Item part B142e
Existencias
Withdrawn status Lost status Damaged status Not for loan Collection Home library Current library Shelving location Date acquired Inventory number Total checkouts Full call number Barcode Date last seen Copy number Price effective from Koha item type
          Miguel Henríquez Castañeda Barranquilla Miguel Henríquez Castañeda Barranquilla General 05/23/2018 02774   370.986 B142e 02774 07/25/2019 ej.1 07/25/2019 Libros